Macedonian First Football League Champions - Statistics

General Stats
  • This quiz has been taken 61 times
  • The average score is 4 of 8
Answer Stats
Titles Club % Correct
11 Vardar
100%
4 Rabotnicki
75%
4 Shkendija
67%
3 Sileks
53%
2 Pobeda
47%
1 Renova
39%
1 Makedonija GP
29%
3 Sloga Jugomagnat
16%
No matching quizzes found
Score Distribution
Percent of People with Each Score
Percentile by Number Answered
Your Score History
You have not taken this quiz